Marcus Aurelius (Record no. 123928)
[ view plain ]
| 000 -LEADER | |
|---|---|
| fixed length control field | 00850ckm a22002773a 4500 |
| 001 - CONTROL NUMBER | |
| control field | 13036716 |
| 003 - CONTROL NUMBER IDENTIFIER | |
| control field | ARRUPE |
| 005 - DATE AND TIME OF LATEST TRANSACTION | |
| control field | 20160822102806.0 |
| 007 - PHYSICAL DESCRIPTION FIXED FIELD--GENERAL INFORMATION | |
| fixed length control field | kj|||| |
| 007 - PHYSICAL DESCRIPTION FIXED FIELD--GENERAL INFORMATION | |
| fixed length control field | cr ||||||||||| |
| 008 - FIXED-LENGTH DATA ELEMENTS--GENERAL INFORMATION | |
| fixed length control field | 021220s1809 xxunnn | kneng |
| 010 ## - LIBRARY OF CONGRESS CONTROL NUMBER | |
| LC control number | 2002737294 |
| 037 ## - SOURCE OF ACQUISITION | |
| Stock number | LC-USZ61-1369 |
| Source of stock number/acquisition | DLC |
| Terms of availability | (b&w film copy neg.) |
| 040 ## - CATALOGING SOURCE | |
| Original cataloging agency | DLC |
| Transcribing agency | DLC |
| 050 00 - LIBRARY OF CONGRESS CALL NUMBER | |
| Classification number | BS583.S74 2011 |
| 300 ## - PHYSICAL DESCRIPTION | |
| Dimensions | 22cm. |
| 100 ## - MAIN ENTRY--PERSONAL NAME | |
| Personal name | Stephens, William O. |
| 9 (RLIN) | 21466 |
| 245 00 - TITLE STATEMENT | |
| Title | Marcus Aurelius |
| Remainder of title | A guide for the perplexed |
| Statement of responsibility, etc | William O. Stephens |
| 260 ## - PUBLICATION, DISTRIBUTION, ETC. (IMPRINT) | |
| Date of publication, distribution, etc | 2011 |
| Place of publication, distribution, etc | London |
| Name of publisher, distributor, etc | Continuum |
| 300 ## - PHYSICAL DESCRIPTION | |
| Extent | xiv, 191p. ; |
| 600 ## - SUBJECT ADDED ENTRY--PERSONAL NAME | |
| Personal name | Marcus Aurelius, Emperor of Rome, 121-180 |
| 9 (RLIN) | 18614 |
| 600 ## - SUBJECT ADDED ENTRY--PERSONAL NAME | |
| Personal name | Marcus Aurelius, Emperor of Rome, 121-180 |
| 9 (RLIN) | 18614 |
| 650 ## - SUBJECT ADDED ENTRY--TOPICAL TERM | |
| Topical term or geographic name as entry element | Meditations |
| 9 (RLIN) | 21467 |
| 650 ## - SUBJECT ADDED ENTRY--TOPICAL TERM | |
| Topical term or geographic name as entry element | Stoics |
| 9 (RLIN) | 1899 |
| 906 ## - LOCAL DATA ELEMENT F, LDF (RLIN) | |
| a | 0 |
| b | cbc |
| c | orignew |
| d | u |
| e | ncip |
| f | 20 |
| g | y-printpho |
| 942 ## - ADDED ENTRY ELEMENTS (KOHA) | |
| Source of classification or shelving scheme | Library of Congress Classification |
| Koha item type | Monograph ( Printed materials) |
| Withdrawn status | Lost status | Source of classification or shelving scheme | Damaged status | Not for loan | Collection code | Home library | Current library | Shelving location | Date acquired | Total Checkouts | Full call number | Barcode | Date last seen | Price effective from | Koha item type |
|---|---|---|---|---|---|---|---|---|---|---|---|---|---|---|---|
| Library of Congress Classification | Main Collection | ARRUPE LIBRARY | ARRUPE LIBRARY | Main Collection | 11/01/2016 | B583.S74 2011 | 46500005845 | 11/01/2016 | 11/01/2016 | Monograph ( Printed materials) |